000 00830nam a2200265 a 4500
001 25388
003 BD-RjUL
005 20211209050855.0
008 140318r19671950enkabch 001 0 eng d
035 _a(BD-RjUL)25458
035 _a(BD-RjUL)
040 _aVCAV
_beng
_cVCAV
_dAPLS
_dBD-RjUL
041 _aeng
082 0 4 _a940.28
_bRII 1967
100 1 _aRichards, Denis,
_d1910-
_973302
245 1 3 _aAn illustrated history of modern Europe, 1789-1945 /
_cby Denis Richards.
250 _a5th ed.
260 _aLondon :
_bLongman, Green and Co.,
_c1950 [Impression 1967].
300 _axv, 364 p. :
_bill. ;
_c19 cm.
500 _aCover title: Modern Europe, 1789-1945.
504 _aIncludes index.
651 0 _aEurope
_xHistory
_y1789-1900.
_969784
651 0 _aEurope
_xHistory
_y20th century.
_99816
942 _2ddc
_cBK
_01
999 _c25388
_d25388